000 00450nam a2200181Ia 4500
001 14008
005 20260306164843.0
008 260306t2015||||xx |||||||||||||| ||spa||
041 _aESP
082 _a005.8
_bJ54
100 _aJiménez Cumbreras, Isabel Mª
_eAUT
245 0 _aSistemas informáticos y redes locales
260 _c2015
300 _axx, 597 páginas :
_c26 cm.
650 _aGEN
654 _aCCC
942 _cLIB
_dJUS
_fJUS
_2ddc
_n
999 _c14008
_d14008